Cálculos de estabilidad de sistemas eléctricos automatizados: análisis de los procesos transitorios en sistemas eléctricos

Guardat en:
Dades bibliogràfiques
Autors principals: Anisimova, N. D (Autor), Venikov, V. A (Autor), Ezhkov, V. V (Autor), Zhukov, L. A (Autor), Litkens, I. V (Autor), Fiedorov, D. A (Autor), Tsoviancy, A. N (Autor)
Format: Llibre
Idioma:espanyol
Publicat: Moscú Mir 1970
Matèries:
Etiquetes: Afegir etiqueta
Sense etiquetes, Sigues el primer a etiquetar aquest registre!

MARC

LEADER 00000nam a2200000 a 4500
001 UCU5158
003 CL-VaPUC
008 960531e19700000ru |||||||||||||||||spa|d
082 0 4 |a 621.302  |b ANI  |2 21 
100 0 |a Anisimova, N. D  |e author  |9 363016 
700 0 |a Venikov, V. A  |e author  |9 363017 
700 0 |a Ezhkov, V. V  |e author  |9 363018 
700 0 |a Zhukov, L. A  |e author  |9 363019 
700 0 |a Litkens, I. V  |e author  |9 363020 
700 0 |a Fiedorov, D. A  |e author  |9 363021 
700 0 |a Tsoviancy, A. N  |e author  |9 363022 
245 1 0 |a Cálculos de estabilidad de sistemas eléctricos automatizados: análisis de los procesos transitorios en sistemas eléctricos 
300 |a 255 p 
942 |c BK 
945 |d 19960531 00:00:00  |a lriquelm 
260 |a Moscú  |b Mir  |c 1970 
650 0 |a Electricidad  |9 260222 
650 0 |a Cálculo  |9 260234 
650 0 |a Electrónica   |9 263192 
650 7 |a TECNOLOGIA ELECTRICA  |2 CL-VaPUC  |9 336952 
583 |a last modification  |c 20171123 02:46:21  |k Rodrigo Vera 
999 |c 248612  |d 248610 
952 |0 0  |1 0  |4 0  |6 621_302000000000000_ANI_1970  |7 0  |8 A  |9 265365  |a BIBING  |b BIBING  |d 2019-11-19  |i 1669273  |o 621.302 ANI 1970  |p 1669273  |r 2025-01-20  |w 2019-11-19  |y BK  |k EIE 
952 |0 0  |1 0  |4 0  |6 621_302000000000000_ANI_1970  |7 0  |8 A  |9 265366  |a BIBING  |b BIBING  |d 2019-11-19  |i 166915K  |o 621.302 ANI 1970  |p 166915K  |r 2025-01-20  |w 2019-11-19  |y BK  |k EIE